| Tag |
First Indicator |
Second Indicator |
Subfields |
| LEADER |
00000cam a2200000 a 4500 |
| 001 |
in00000008507 |
| 005 |
20151003060029.0 |
| 008 |
840130s1984 idu b 00010 eng |
| 010 |
|
|
|a 84070249
|
| 020 |
|
|
|a 0884300358 (pbk.) :
|c $2.00
|
| 035 |
|
|
|a (OCoLC)10984792
|
| 035 |
|
|
|9 AAA0900AM
|
| 040 |
|
|
|a DLC
|c DLC
|d m/c
|d TXA
|d UtOrBLW
|
| 043 |
|
|
|a n-usp--
|
| 050 |
0 |
0 |
|a PS3537.A826
|b Z66 1984
|
| 082 |
0 |
|
|a 818/.5209
|2 19
|
| 100 |
1 |
|
|a Foster, Edward Halsey.
|
| 245 |
1 |
0 |
|a William Saroyan /
|c by Edward Halsey Foster ; editors, Wayne Chatterton, James H. Maguire ; illustration by Alice Notley.
|
| 264 |
|
1 |
|a Boise, Idaho :
|b Boise State University :
|b Orders to BSU Bookstore,
|c [1984]
|
| 264 |
|
4 |
|c ©1984
|
| 300 |
|
|
|a 51 pages :
|b 21 cm.
|
| 336 |
|
|
|a text
|b txt
|2 rdacontent
|
| 337 |
|
|
|a unmediated
|b n
|2 rdamedia
|
| 338 |
|
|
|a volume
|b nc
|2 rdacarrier
|
| 490 |
1 |
|
|a Boise State University Western writers series ;
|v no. 61
|
| 504 |
|
|
|a Bibliography: pages 49-51.
|
| 600 |
1 |
0 |
|a Saroyan, William,
|d 1908-1981
|x Criticism and interpretation.
|
| 650 |
|
0 |
|a Armenian Americans in literature.
|
| 651 |
|
0 |
|a West (U.S.)
|x In literature.
|
| 830 |
|
0 |
|a Boise State University western writers series ;
|v no. 61.
|
| 999 |
|
|
|a MARS
|
| 999 |
f |
f |
|s a9aefc99-a25c-3a50-8f5a-3b8093c660bb
|i 762c8195-815c-34fc-8af3-bab0a0aa474c
|t 0
|
| 952 |
f |
f |
|p ric
|a Texas A&M University
|b Rellis Campus
|c Joint Library Facility
|d Remote Storage
|t 0
|e PS3537.A826 Z66 1984
|h Library of Congress classification
|i unmediated -- volume
|m A14812616076
|
| 998 |
f |
f |
|a PS3537.A826 Z66 1984
|t 0
|l Remote Storage
|